| 000 | 01118nam a22002537a 4500 | ||
|---|---|---|---|
| 001 | BD-DhSAU 7469 | ||
| 003 | BD-DhSAU | ||
| 005 | 20230408122708.0 | ||
| 008 | 150422b2006 bg ||||| m||m 00| 0 eng d | ||
| 040 | _aBD-DhSAU | ||
| 082 |
_222 _a630.715 _bSa134 |
||
| 100 |
_aSABBIR, MD. RISUL ISLAM _eRegistration No. # 19-10289 |
||
| 245 |
_aCapacity of the sub-assistant agriculture officers (saaos) of gazipur district / _bMS thesis |
||
| 260 |
_aSher-e- Bangla Agricultural University: _bDepartment of Agricultural Extension & Information System, _c2021. |
||
| 300 |
_axii, 54 p.: _b30 cm. |
||
| 500 | _aMS thesis of Department of Agricultural Extension and Information System, Faculty of Agriculture, Sher-e-Bangla Agricultural University, Dhaka, Bangladesh | ||
| 590 | _aNamul | ||
| 650 | _asub-assistant agriculture officers (saaos) | ||
| 650 | _agazipur district | ||
| 700 |
_aProf. Dr. Md. Sekender Ali _eSuperviser |
||
| 700 |
_aAssio. Prof. Md. Wali Ahad Setu _eCo-Superviser |
||
| 856 | _uhttp://archive.saulibrary.edu.bd:8080/xmlui/handle/123456789/4848 | ||
| 942 |
_2ddc _cTHESIS |
||
| 999 |
_c16738 _d16737 |
||